Effect de la difference l'age de semis sur la crossancre et le rendement de trois varieties du riz a la station experimentale de l'universite royale d'griculture, ឥទ្ធិពលនៃអាយុសំណាបផ្សេងគ្នាទៅលើលារលូតលាស់និងទិន្នផលនៃពូជស្រូវបីប្រភេទ នៅស្ថានីយ៍ពិសោធណ៍ដំណាំនៃសាកលវិទ្យាល័យភូមិន្ទកសិកម្ម (Record no. 1519)
[ view plain ]
| 000 -LEADER | |
|---|---|
| fixed length control field | 00884nam a22001577a 4500 |
| 003 - CONTROL NUMBER IDENTIFIER | |
| control field | OSt |
| 005 - DATE AND TIME OF LATEST TRANSACTION | |
| control field | 20150930143934.0 |
| 008 - FIXED-LENGTH DATA ELEMENTS--GENERAL INFORMATION | |
| fixed length control field | 150930b xxu||||| |||| 00| 0 eng d |
| 040 ## - CATALOGING SOURCE | |
| Transcribing agency | RUA |
| 082 ## - DEWEY DECIMAL CLASSIFICATION NUMBER | |
| Classification number | AGR SAR 2009 B063 Or.1 |
| 100 ## - MAIN ENTRY--PERSONAL NAME | |
| 9 (RLIN) | 1609 |
| Personal name | SAR, VENG. |
| 245 ## - TITLE STATEMENT | |
| Title | Effect de la difference l'age de semis sur la crossancre et le rendement de trois varieties du riz a la station experimentale de l'universite royale d'griculture, ឥទ្ធិពលនៃអាយុសំណាបផ្សេងគ្នាទៅលើលារលូតលាស់និងទិន្នផលនៃពូជស្រូវបីប្រភេទ នៅស្ថានីយ៍ពិសោធណ៍ដំណាំនៃសាកលវិទ្យាល័យភូមិន្ទកសិកម្ម |
| 260 ## - PUBLICATION, DISTRIBUTION, ETC. (IMPRINT) | |
| Place of publication, distribution, etc. | Phnom Penh |
| Name of publisher, distributor, etc. | RUA |
| Date of publication, distribution, etc. | 2009 |
| 300 ## - PHYSICAL DESCRIPTION | |
| Extent | x; 55p. |
| Other physical details | ill. |
| Dimensions | 29cm. |
| 942 ## - ADDED ENTRY ELEMENTS (KOHA) | |
| Source of classification or shelving scheme | |
| Koha item type | AGR |
| Price effective from | Date last seen | Permanent Location | Not for loan | Date acquired | Source of classification or shelving scheme | Koha item type | Barcode | Lost status | Damaged status | Shelving location | Withdrawn status | Current Location | Full call number |
|---|---|---|---|---|---|---|---|---|---|---|---|---|---|
| 2015-09-30 | 2015-09-30 | Library Block B | 2015-09-30 | AGR | RUA009921 | B063 | Library Block B | AGR SAR 2009 B063 Or.1 | |||||
| 2015-09-30 | 2015-09-30 | Library Block B | 2015-09-30 | AGR | RUA009849 | B063 | Library Block B | AGR SAR 2009 B063 Or.2 | |||||
| 2015-09-30 | 2015-09-30 | Library Block B | 2015-09-30 | AGR | RUA009777 | B063 | Library Block B | AGR SAR 2009 B063 Or.3 | |||||
| 2015-09-30 | 2015-09-30 | Library Block B | 2015-09-30 | AGR | RUA009705 | B063 | Library Block B | AGR SAR 2009 B063 Or.4 | |||||
| 2015-09-30 | 2015-09-30 | Library Block B | 2015-09-30 | AGR | RUA009987 | B063 | Library Block B | AGR SAR 2009 B063 Or.5 | |||||
| 2015-09-30 | 2015-09-30 | Library Block B | 2015-09-30 | AGR | RUA009915 | B063 | Library Block B | AGR SAR 2009 B063 Or.6 | |||||
| 2015-09-30 | 2015-09-30 | Library Block B | 2015-09-30 | AGR | RUA009843 | B063 | Library Block B | AGR SAR 2009 B063 Or.7 | |||||
| 2015-09-30 | 2015-09-30 | Library Block B | 2015-09-30 | AGR | RUA009771 | B063 | Library Block B | AGR SAR 2009 B063 Or.8 | |||||
| 2015-09-30 | 2015-09-30 | Library Block B | 2015-09-30 | AGR | RUA009854 | B063 | Library Block B | AGR SAR 2009 B063 Or.9 | |||||
| 2015-09-30 | 2015-09-30 | Library Block B | 2015-09-30 | AGR | RUA009782 | B063 | Library Block B | AGR SAR 2009 B063 Or.10 | |||||
| 2015-09-30 | 2015-09-30 | Library Block B | 2015-09-30 | AGR | RUA009992 | B063 | Library Block B | AGR SAR 2009 B063 Or.11 |